Toutes les communes du Pays Bigouden - Statistiques

Statistiques générales
  • Ce quiz a été pris 38 fois
  • Le résultat moyen est 15 sur 22
Statistiques - réponses
Population (2022) Commune % Correct
4 271 Combrit Sainte-Marine
95%
8 395 Pont-l'Abbé
95%
5 320 Penmarc'h
90%
733 Ile-Tudy
86%
4 443 Loctudy
86%
6 403 Plonéour-Lanvern
86%
2 940 Plozévet
86%
3 655 Plobannalec-Lesconil
81%
2 006 Plogastel Saint Germain
81%
3 877 Plomeur
81%
973 Saint-Jean-Trolimon
71%
2 438 Tréffiagat-Léchiagat
71%
312 Tréguennec
71%
2 677 Le Guilvinec
67%
682 Plovan
62%
2 143 Pouldreuzic
62%
1 453 Tréméoc
62%
579 Tréogat
57%
1 495 Landudec
52%
878 Peumerit
43%
1 982 Gourlizon
24%
521 Guiler-sur-Goyen
19%
Aucun quiz correspondant
Distribution des résultats
% des personnes avec chaque résultat
Percentile par nombre de réponses
Votre historique - résultats
Vous n’avez pas pris ce quiz